[Event "Benidorm - Aficionados sub-2300 2014"]
[Site "Benidorm ESP"]
[Date "2014.12.03"]
[Round "6.49"]
[White "Sabater Sanchez, Asensio"]
[Black "Estevez Jacome, Jose Ramon"]
[Result "0-1"]
[WhiteElo "2127"]
[BlackElo "2009"]
[PlyCount "68"]
[EventDate "2014.11.28"]
[EventType "swiss"]
[EventRounds "10"]
[EventCountry "ESP"]
[SourceTitle "Ajedrez en Madrid"]
[Source "lmi"]
[SourceDate "2014.11.28"]

1. b3 Nf6 2. Bb2 d5 3. Bxf6 exf6 4. d4 g6 5. g3 Bg7 6. Bg2 O-O 7. e3 Be6 8. Ne2
c6 9. O-O Na6 10. Nd2 Nc7 11. e4 dxe4 12. Nxe4 Qc8 13. c4 Rd8 14. Qd2 Bh3 15.
Rad1 Bxg2 16. Kxg2 f5 17. N4c3 Rd7 18. Qe3 Qf8 19. f4 Re8 20. Qf3 Red8 21. d5
cxd5 22. Nxd5 Nxd5 23. Rxd5 Rxd5 24. cxd5 Qa3 25. Qd3 Qxa2 26. Rd1 Bf8 27. Rd2
Qa5 28. Ng1 Bb4 29. Rd1 Bd6 30. Nf3 Rc8 31. Ne5 Rc3 32. Qd2 Qc5 33. Nd7 Qe3 34.
Ne5 Qe4+ 0-1

[Event "Benidorm - Aficionados sub-2300 2014"]
[Site "Benidorm ESP"]
[Date "2014.12.04"]
[Round "7.1"]
[White "Kultiyasov, Mikhail"]
[Black "Sanchez Jerez, Emilio Miguel"]
[Result "1-0"]
[WhiteElo "2228"]
[BlackElo "2258"]
[PlyCount "77"]
[EventDate "2014.11.28"]
[EventType "swiss"]
[EventRounds "10"]
[EventCountry "ESP"]
[SourceTitle "Ajedrez en Madrid"]
[Source "lmi"]
[SourceDate "2014.11.28"]

1. e4 c5 2. Nf3 Nc6 3. d4 cxd4 4. Nxd4 e5 5. Nb5 a6 6. Nd6+ Bxd6 7. Qxd6 Qf6 8.
Qa3 Nge7 9. Nc3 Rb8 10. Be3 b5 11. Nd5 Nxd5 12. exd5 Ne7 13. Ba7 Ra8 14. Bc5
Bb7 15. c4 Nf5 16. Bd3 d6 17. Bb4 O-O 18. O-O Rfc8 19. b3 a5 20. Bd2 Nd4 21.
Rab1 e4 22. Bxe4 Ne2+ 23. Kh1 Qd4 24. Bf5 Qxd2 25. Bxc8 Rxc8 26. Qxd6 Nc3 27.
Rbe1 Rf8 28. Qc7 Bc8 29. Qxa5 bxc4 30. Re3 Ne4 31. Qxd2 Nxd2 32. Rd1 c3 33. Rc1
Bf5 34. Rexc3 Rd8 35. f3 g5 36. g4 Bg6 37. Rc8 Rxc8 38. Rxc8+ Kg7 39. d6 1-0

[Event "Benidorm - Aficionados sub-2300 2014"]
[Site "Benidorm ESP"]
[Date "2014.12.04"]
[Round "7.2"]
[White "Tejedor Fuente, Enrique"]
[Black "Perez Garcia, Alejandro"]
[Result "1-0"]
[WhiteElo "2288"]
[BlackElo "2163"]
[PlyCount "79"]
[EventDate "2014.11.28"]
[EventType "swiss"]
[EventRounds "10"]
[EventCountry "ESP"]
[SourceTitle "Ajedrez en Madrid"]
[Source "lmi"]
[SourceDate "2014.11.28"]

1. e4 d6 2. d4 Nf6 3. Nc3 e5 4. Nge2 Be7 5. g3 O-O 6. Bg2 c6 7. O-O b5 8. a3
Qb6 9. h3 Rd8 10. Kh2 Bb7 11. f4 a5 12. Be3 exd4 13. Nxd4 c5 14. Ndxb5 Nxe4 15.
Nd5 Bxd5 16. Qxd5 Qxb5 17. Bxe4 Nd7 18. Bd3 Qb8 19. Bc4 Rf8 20. b3 Nb6 21. Qd3
Qb7 22. a4 d5 23. Bb5 Rad8 24. Rfe1 c4 25. Qd4 Nc8 26. Rad1 Bf6 27. Qc5 d4 28.
Bxd4 cxb3 29. cxb3 Qf3 30. Bxf6 gxf6 31. Qc2 Nd6 32. Bc6 Qh5 33. Rd5 f5 34.
Red1 Qg6 35. Qd3 Qf6 36. Rxd6 Qb2+ 37. Bg2 Rde8 38. Rd2 Qc1 39. Qxf5 h6 40.
Rxh6 1-0

[Event "Benidorm - Aficionados sub-2300 2014"]
[Site "Benidorm ESP"]
[Date "2014.12.04"]
[Round "7.3"]
[White "Olhovik, Andrei"]
[Black "Tetimov, Ivan"]
[Result "0-1"]
[WhiteElo "2270"]
[BlackElo "2158"]
[PlyCount "98"]
[EventDate "2014.11.28"]
[EventType "swiss"]
[EventRounds "10"]
[EventCountry "ESP"]
[SourceTitle "Ajedrez en Madrid"]
[Source "lmi"]
[SourceDate "2014.11.28"]

1. d4 d5 2. c4 c6 3. Nc3 Nf6 4. e3 e6 5. Nf3 Nbd7 6. Qc2 Bd6 7. Bd3 O-O 8. O-O
dxc4 9. Bxc4 b5 10. Bd3 Bb7 11. h3 Rc8 12. Ng5 h6 13. Nge4 Be7 14. Rd1 Qb6 15.
a4 a5 16. Nxf6+ Nxf6 17. axb5 cxb5 18. Qe2 b4 19. Na4 Qa7 20. Bd2 Rfd8 21. b3
Bd5 22. Rdb1 Ne4 23. Be1 Nc3 24. Nxc3 bxc3 25. Ba6 Rc7 26. Rxa5 Ra8 27. Ra4 c2
28. Rc1 Bxb3 29. Ra5 Qb6 30. Qd3 Bb4 31. Rb5 Qxa6 32. Qxb3 Qxb5 33. Qxb4 Qxb4
34. Bxb4 Rb8 35. Bd2 Rb1 36. Kf1 Kf8 37. Ke2 Ke7 38. Kd3 Rb3+ 39. Ke2 Kd6 40.
Ba5 Ra7 41. Bd2 Ra2 42. e4 e5 43. Be3 Rb1 44. Kd3 exd4 45. Bf4+ Kc5 46. Rxc2+
Rxc2 47. Kxc2 Rf1 48. Bg3 Kc4 49. Kd2 Ra1 0-1

[Event "Benidorm - Aficionados sub-2300 2014"]
[Site "Benidorm ESP"]
[Date "2014.12.04"]
[Round "7.4"]
[White "Bosque Ortega, Xavier"]
[Black "Amdouni, Zoubaier"]
[Result "0-1"]
[WhiteElo "2214"]
[BlackElo "2291"]
[PlyCount "58"]
[EventDate "2014.11.28"]
[EventType "swiss"]
[EventRounds "10"]
[EventCountry "ESP"]
[SourceTitle "Ajedrez en Madrid"]
[Source "lmi"]
[SourceDate "2014.11.28"]

1. d4 Nf6 2. Nf3 g6 3. Bf4 Bg7 4. e3 c5 5. Be2 Qb6 6. Nc3 Nc6 7. O-O cxd4 8.
exd4 O-O 9. d5 Qxb2 10. Nb5 Nh5 11. Rb1 Qxa2 12. Bg5 h6 13. Be3 Nd8 14. c3 b6
15. Ra1 Qb2 16. Bc4 a6 17. Ra2 Qxa2 18. Bxa2 axb5 19. Qb3 Bb7 20. Bxb6 Nf4 21.
Rd1 Ne2+ 22. Kh1 Nxc3 23. Rd2 Rxa2 24. Rxa2 Bxd5 25. Qb4 Nc6 26. Qc5 Bxa2 27.
Qa3 b4 28. Qc1 b3 29. Nd2 Rb8 0-1

[Event "Benidorm - Aficionados sub-2300 2014"]
[Site "Benidorm ESP"]
[Date "2014.12.04"]
[Round "7.5"]
[White "Cappon, John"]
[Black "Vaarala, Eric"]
[Result "1/2-1/2"]
[WhiteElo "2216"]
[BlackElo "2274"]
[PlyCount "41"]
[EventDate "2014.11.28"]
[EventType "swiss"]
[EventRounds "10"]
[EventCountry "ESP"]
[SourceTitle "Ajedrez en Madrid"]
[Source "lmi"]
[SourceDate "2014.11.28"]

1. e4 c5 2. d4 cxd4 3. c3 dxc3 4. Nxc3 Nc6 5. Nf3 e6 6. Bc4 Bb4 7. O-O Bxc3 8.
bxc3 Nge7 9. Qd6 O-O 10. Rd1 a6 11. a4 Qa5 12. Bd2 Ng6 13. Be2 Qd8 14. Bg5 f6
15. Be3 Qe7 16. Qd2 f5 17. c4 f4 18. Bb6 Nh4 19. Nxh4 Qxh4 20. f3 Rf6 21. Bc7
1/2-1/2

[Event "Benidorm - Aficionados sub-2300 2014"]
[Site "Benidorm ESP"]
[Date "2014.12.04"]
[Round "7.6"]
[White "Mora Menezo, Jesus"]
[Black "Ibañez Aullana, Ramon"]
[Result "1-0"]
[WhiteElo "2181"]
[BlackElo "2268"]
[PlyCount "87"]
[EventDate "2014.11.28"]
[EventType "swiss"]
[EventRounds "10"]
[EventCountry "ESP"]
[SourceTitle "Ajedrez en Madrid"]
[Source "lmi"]
[SourceDate "2014.11.28"]

1. e4 e6 2. d4 d5 3. Nc3 Nf6 4. Bg5 Be7 5. e5 Nfd7 6. h4 h6 7. Bxe7 Qxe7 8. Qg4
g6 9. O-O-O a6 10. Nf3 c5 11. dxc5 Nc6 12. Na4 Nxc5 13. Nxc5 Qxc5 14. Bd3 Qxf2
15. Qf4 Qc5 16. Qf6 Rg8 17. Qf4 Qf8 18. Nh2 h5 19. Nf3 Qg7 20. Rde1 Rf8 21. Qg5
Bd7 22. Rhf1 Rg8 23. c3 Ne7 24. Qe3 O-O-O 25. Qc5+ Nc6 26. Ng5 Rgf8 27. Rf6 Kb8
28. Ref1 Ka8 29. Qe3 Rc8 30. Nxf7 Nxe5 31. Nxe5 Rxf6 32. Rxf6 Qxf6 33. Nxd7
Qxh4 34. Nb6+ Kb8 35. Nxc8 Qh1+ 36. Kc2 Qxg2+ 37. Kb3 Kxc8 38. Qxe6+ Kb8 39.
Qxg6 Qh1 40. Qe8+ Kc7 41. Qe3 h4 42. Be2 Kd6 43. Bf3 Qf1 44. Qf4+ 1-0

[Event "Benidorm - Aficionados sub-2300 2014"]
[Site "Benidorm ESP"]
[Date "2014.12.04"]
[Round "7.7"]
[White "Santos, Jeovani Amaro Dias"]
[Black "Jordan Martinez, Miguel"]
[Result "1/2-1/2"]
[WhiteElo "2044"]
[BlackElo "2236"]
[PlyCount "80"]
[EventDate "2014.11.28"]
[EventType "swiss"]
[EventRounds "10"]
[EventCountry "ESP"]
[SourceTitle "Ajedrez en Madrid"]
[Source "lmi"]
[SourceDate "2014.11.28"]

1. d4 Nf6 2. c4 g6 3. Nc3 Bg7 4. e4 d6 5. Bf4 Nbd7 6. Qd2 e5 7. dxe5 dxe5 8.
Bh6 O-O 9. Bxg7 Kxg7 10. Nf3 c6 11. Rd1 Qe7 12. Be2 Nc5 13. Qc2 Bg4 14. O-O
Bxf3 15. Bxf3 Ne6 16. Ne2 Ng5 17. c5 Rfd8 18. b4 Rxd1 19. Rxd1 Rd8 20. Nc3 Rd4
21. Rxd4 exd4 22. Ne2 Nfxe4 23. Bxe4 Qxe4 24. Qxe4 Nxe4 25. Nxd4 Nc3 26. a3 Nb5
27. Nxb5 cxb5 28. Kf1 Kf6 29. Ke2 Ke5 30. Kd3 Kd5 31. f3 h5 32. h4 f6 33. g4
Ke5 34. Ke3 f5 35. g5 a6 36. f4+ Kd5 37. Kd3 a5 38. bxa5 Kxc5 39. Kc3 Kd5 40.
Kb4 Kc6 1/2-1/2

[Event "Benidorm - Aficionados sub-2300 2014"]
[Site "Benidorm ESP"]
[Date "2014.12.04"]
[Round "7.8"]
[White "Fernandez Rubio, Rafael"]
[Black "Serna Lara, Sergio"]
[Result "1/2-1/2"]
[WhiteElo "2029"]
[BlackElo "2230"]
[PlyCount "136"]
[EventDate "2014.11.28"]
[EventType "swiss"]
[EventRounds "10"]
[EventCountry "ESP"]
[SourceTitle "Ajedrez en Madrid"]
[Source "lmi"]
[SourceDate "2014.11.28"]

1. f4 d5 2. Nf3 Bg4 3. e3 Nd7 4. Be2 e6 5. O-O Bd6 6. b3 Ngf6 7. Bb2 Bxf3 8.
Bxf3 O-O 9. Nc3 c6 10. Qe1 Ne8 11. Ne2 f5 12. Nd4 Nc7 13. Qg3 Qe7 14. Qh3 Rf6
15. g3 Rh6 16. Qg2 Rf8 17. Be2 Ba3 18. Bc3 Bb4 19. Bxb4 Qxb4 20. c3 Qe7 21. c4
Ne8 22. cxd5 exd5 23. Bd3 Nd6 24. Rad1 Nc5 25. Bb1 a5 26. Rfe1 Rhf6 27. Rc1 Nd7
28. d3 Re8 29. Re2 Rf7 30. Rce1 Qf6 31. Kh1 Rfe7 32. g4 fxg4 33. Qxg4 g6 34.
Nf3 Rf8 35. Rf2 Nc5 36. Nd4 Rfe8 37. Rfe2 Nf5 38. Nxf5 Qxf5 39. Qxf5 gxf5 40.
Kg2 d4 41. Kf3 dxe3 42. Rxe3 Rxe3+ 43. Rxe3 Rxe3+ 44. Kxe3 Ne6 45. d4 Ng7 46.
d5 cxd5 47. Kd4 Ne6+ 48. Ke5 Nc7 49. Bxf5 h6 50. Bc8 b6 51. Bb7 Kf7 52. Bxd5+
Ke7 53. f5 Ne8 54. Be6 Nf6 55. h4 b5 56. a3 h5 57. a4 bxa4 58. bxa4 Ne8 59. Bb3
Nf6 60. Kf4 Nd7 61. Bd1 Kf6 62. Bxh5 Nc5 63. Be8 Nd3+ 64. Ke3 Nc5 65. Kd4 Nxa4
66. Bg6 Nb6 67. h5 Nc8 68. h6 Ne7 1/2-1/2

[Event "Benidorm - Aficionados sub-2300 2014"]
[Site "Benidorm ESP"]
[Date "2014.12.04"]
[Round "7.9"]
[White "Sanchez Barbado, Carlos"]
[Black "Arias Igual, Alejandro"]
[Result "1/2-1/2"]
[WhiteElo "2173"]
[BlackElo "2297"]
[PlyCount "85"]
[EventDate "2014.11.28"]
[EventType "swiss"]
[EventRounds "10"]
[EventCountry "ESP"]
[SourceTitle "Ajedrez en Madrid"]
[Source "lmi"]
[SourceDate "2014.11.28"]

1. e4 c5 2. Nc3 a6 3. f4 e6 4. g3 b5 5. Bg2 Bb7 6. d3 b4 7. Nb1 d5 8. Qe2 Nf6
9. e5 Nfd7 10. Nf3 Nc6 11. O-O Qc7 12. a3 a5 13. axb4 axb4 14. Rxa8+ Bxa8 15.
c3 Be7 16. d4 cxd4 17. cxd4 O-O 18. g4 Qb6 19. Be3 f6 20. Nbd2 fxe5 21. fxe5
Bb7 22. Ra1 Ndb8 23. Bf1 Na5 24. Qb5 Qxb5 25. Bxb5 Nbc6 26. Bxc6 Nxc6 27. Kf2
h6 28. Ke2 Ra8 29. Rxa8+ Bxa8 30. Nb3 g5 31. h4 gxh4 32. Bxh6 Kh7 33. Bg5 Bf8
34. Bxh4 Kg6 35. Nc5 Bxc5 36. dxc5 Bb7 37. Ke3 Ba6 38. Bf6 Na5 39. Nd2 Bb5 40.
Bd8 Nc6 41. Bf6 Na5 42. Bd8 Nc6 43. Bf6 1/2-1/2

[Event "Benidorm - Aficionados sub-2300 2014"]
[Site "Benidorm ESP"]
[Date "2014.12.04"]
[Round "7.10"]
[White "Vilanova Corbi, Jorge"]
[Black "Jimenez Martinez, Jose Vicente"]
[Result "0-1"]
[WhiteElo "2153"]
[BlackElo "2257"]
[PlyCount "148"]
[EventDate "2014.11.28"]
[EventType "swiss"]
[EventRounds "10"]
[EventCountry "ESP"]
[SourceTitle "Ajedrez en Madrid"]
[Source "lmi"]
[SourceDate "2014.11.28"]

1. d4 g6 2. c4 Bg7 3. Nc3 d6 4. e4 Nf6 5. f3 O-O 6. Nge2 c5 7. d5 e6 8. Ng3
exd5 9. cxd5 h5 10. Be2 h4 11. Nf1 Nbd7 12. Bg5 h3 13. g3 a6 14. a4 Qa5 15. Bd2
Ne5 16. Ne3 c4 17. Bxc4 Nxc4 18. Nxc4 Qc5 19. Qe2 Nd7 20. Be3 Qb4 21. O-O Ne5
22. Nb6 Rb8 23. a5 Bd7 24. Nxd7 Nxd7 25. Ra4 Qb3 26. Rfa1 Bxc3 27. bxc3 b5 28.
axb6 Nxb6 29. Rxa6 Qxc3 30. Rc1 Qb4 31. Ra2 Nd7 32. Bf4 Rfc8 33. Rac2 Rxc2 34.
Rxc2 Qd4+ 35. Be3 Rb1+ 36. Kf2 Qa1 37. Ra2 Qf6 38. f4 Rh1 39. Qa6 Ne5 40. Qc8+
Kg7 41. Qxh3 Rxh2+ 42. Qxh2 Ng4+ 43. Kf3 Nxh2+ 44. Rxh2 Qa1 45. Rd2 Qh1+ 46.
Rg2 f5 47. exf5 gxf5 48. Bg1 Kf7 49. Kf2 Qh5 50. Rh2 Qd1 51. Rh4 Qd2+ 52. Kf1
Qxd5 53. Rh2 Qd3+ 54. Re2 Qxg3 55. Be3 Qf3+ 56. Ke1 d5 57. Bd2 d4 58. Re5 Kf6
59. Re2 Qh1+ 60. Kf2 d3 61. Re1 Qh3 62. Bc3+ Kf7 63. Bd2 Qh8 64. Ke3 Qd8 65.
Bc3 Qd5 66. Kd2 Qc4 67. Re3 Qxf4 68. Kxd3 Qf1+ 69. Kd2 f4 70. Re1 Qc4 71. Re2
Kg6 72. Rf2 Kf5 73. Rf3 Ke4 74. Rh3 Qf1 0-1

[Event "Benidorm - Aficionados sub-2300 2014"]
[Site "Benidorm ESP"]
[Date "2014.12.04"]
[Round "7.12"]
[White "Villasenor Rubio, Emilio Jose"]
[Black "Serra Pages, Jordi"]
[Result "1/2-1/2"]
[WhiteElo "2240"]
[BlackElo "2182"]
[PlyCount "65"]
[EventDate "2014.11.28"]
[EventType "swiss"]
[EventRounds "10"]
[EventCountry "ESP"]
[SourceTitle "Ajedrez en Madrid"]
[Source "lmi"]
[SourceDate "2014.11.28"]

1. e4 e5 2. Nf3 Nc6 3. Bb5 a6 4. Ba4 Nf6 5. d3 d6 6. c3 Be7 7. O-O O-O 8. Nbd2
b5 9. Bc2 h6 10. Re1 Nh7 11. a4 Rb8 12. axb5 axb5 13. Nf1 Ng5 14. Ne3 Nxf3+ 15.
Qxf3 Bg5 16. g3 Qf6 17. Qxf6 Bxf6 18. Nd5 Bd8 19. Be3 Bb7 20. Bb3 Ne7 21. d4
Nxd5 22. exd5 Re8 23. dxe5 Rxe5 24. f4 Re7 25. Kf2 Kf8 26. Red1 Ke8 27. Bd4 Kf8
28. f5 Re8 29. Ra7 Bc8 30. Bc2 Bb7 31. Bb3 Bc8 32. Bc2 Bb7 33. Bb3 1/2-1/2

[Event "Benidorm - Aficionados sub-2300 2014"]
[Site "Benidorm ESP"]
[Date "2014.12.04"]
[Round "7.15"]
[White "Schmidt, Ralf"]
[Black "Platel, Alexandre"]
[Result "1-0"]
[WhiteElo "2119"]
[BlackElo "2219"]
[PlyCount "51"]
[EventDate "2014.11.28"]
[EventType "swiss"]
[EventRounds "10"]
[EventCountry "ESP"]
[SourceTitle "Ajedrez en Madrid"]
[Source "lmi"]
[SourceDate "2014.11.28"]

1. e4 c5 2. d3 Nc6 3. g3 d5 4. Nd2 Nf6 5. exd5 Qxd5 6. Ngf3 Nd4 7. Bg2 Bg4 8.
O-O Qh5 9. c3 Nxf3+ 10. Nxf3 O-O-O 11. Be3 e5 12. h3 Bxf3 13. Bxf3 Qxh3 14. Qa4
Kb8 15. Rfd1 Qd7 16. Qc4 Qc7 17. a4 h5 18. b4 Ng4 19. Bxc5 Rc8 20. Rab1 f5 21.
Qe6 e4 22. dxe4 Bxc5 23. bxc5 Qxc5 24. Rxb7+ Ka8 25. Rb2 Ne5 26. Qxe5 1-0

[Event "Benidorm - Aficionados sub-2300 2014"]
[Site "Benidorm ESP"]
[Date "2014.12.04"]
[Round "7.19"]
[White "Megias Ortiz, Vicente Manuel"]
[Black "Buenafe Moya, Javier"]
[Result "0-1"]
[WhiteElo "2049"]
[BlackElo "2256"]
[PlyCount "38"]
[EventDate "2014.11.28"]
[EventType "swiss"]
[EventRounds "10"]
[EventCountry "ESP"]
[SourceTitle "Ajedrez en Madrid"]
[Source "lmi"]
[SourceDate "2014.11.28"]

1. d4 Nf6 2. Bf4 e6 3. e3 c5 4. c3 Nc6 5. dxc5 Bxc5 6. Bd6 Bxd6 7. Qxd6 Ne4 8.
Qd1 O-O 9. Nd2 f5 10. g3 a5 11. f3 Nf6 12. Be2 d5 13. Nf1 a4 14. a3 Qb6 15. Rb1
Rd8 16. f4 e5 17. fxe5 Ng4 18. Bxg4 fxg4 19. Ne2 Bf5 0-1

[Event "Benidorm - Aficionados sub-2300 2014"]
[Site "Benidorm ESP"]
[Date "2014.12.04"]
[Round "7.20"]
[White "Parligras, Cosmin"]
[Black "Lakunza Oyarbide, Juan Carlos"]
[Result "1-0"]
[WhiteElo "2239"]
[BlackElo "2059"]
[PlyCount "51"]
[EventDate "2014.11.28"]
[EventType "swiss"]
[EventRounds "10"]
[EventCountry "ESP"]
[SourceTitle "Ajedrez en Madrid"]
[Source "lmi"]
[SourceDate "2014.11.28"]

1. Nf3 Nf6 2. d4 g6 3. g3 Bg7 4. Bg2 O-O 5. O-O d6 6. Nc3 Bf5 7. Nh4 d5 8. Nxf5
gxf5 9. e3 e6 10. Ne2 Nbd7 11. c4 c6 12. b3 Qa5 13. Qd3 Rac8 14. Bb2 Ne4 15. f3
dxc4 16. Qc2 cxb3 17. axb3 Qd2 18. Qxd2 Nxd2 19. Rfd1 Nxb3 20. Rxa7 Rc7 21. Ba3
c5 22. Rb1 c4 23. Bd6 Rcc8 24. Bxf8 Kxf8 25. Rxb7 Ke7 26. Nc1 1-0

[Event "Benidorm - Aficionados sub-2300 2014"]
[Site "Benidorm ESP"]
[Date "2014.12.04"]
[Round "7.22"]
[White "Ridameya Tatche, Jose Miguel"]
[Black "Uran Bermudez, Oliver Kevin"]
[Result "1-0"]
[WhiteElo "2012"]
[BlackElo "2182"]
[PlyCount "72"]
[EventDate "2014.11.28"]
[EventType "swiss"]
[EventRounds "10"]
[EventCountry "ESP"]
[SourceTitle "Ajedrez en Madrid"]
[Source "lmi"]
[SourceDate "2014.11.28"]

1. e4 c5 2. Nf3 Nc6 3. Bb5 e5 4. O-O d6 5. Bxc6+ bxc6 6. c4 Nf6 7. d3 Be7 8.
Qa4 Bd7 9. Nc3 O-O 10. Bg5 Nh5 11. Be3 f5 12. exf5 Rxf5 13. Ne4 Qe8 14. Ng3
Nxg3 15. fxg3 Qg6 16. Qc2 Raf8 17. Nd2 Rxf1+ 18. Rxf1 Rxf1+ 19. Kxf1 Bf6 20.
Ne4 d5 21. Nf2 d4 22. Bc1 Bg5 23. Bxg5 Qxg5 24. Qe2 Qe3 25. Qxe3 dxe3 26. Ne4
Kf7 27. Nxc5 Bg4 28. Ke1 Kf6 29. h3 Bh5 30. g4 Bg6 31. Ke2 Kg5 32. Kxe3 Kh4 33.
Kf3 Be8 34. Ne4 Bd7 35. b4 Be6 36. g3+ Kxh3 1-0

[Event "Benidorm - Aficionados sub-2300 2014"]
[Site "Benidorm ESP"]
[Date "2014.12.04"]
[Round "7.28"]
[White "Jackson, Oliver A"]
[Black "Lopez Rivera, Jesus"]
[Result "1-0"]
[WhiteElo "2146"]
[BlackElo "2027"]
[PlyCount "67"]
[EventDate "2014.11.28"]
[EventType "swiss"]
[EventRounds "10"]
[EventCountry "ESP"]
[SourceTitle "Ajedrez en Madrid"]
[Source "lmi"]
[SourceDate "2014.11.28"]

1. e4 e6 2. d4 d5 3. Nc3 Bb4 4. e5 c5 5. a3 Bxc3+ 6. bxc3 Qc7 7. Nf3 b6 8. a4
Ba6 9. Bxa6 Nxa6 10. O-O Ne7 11. Re1 Rc8 12. Ba3 O-O 13. Ng5 Nb8 14. Qd3 Ng6
15. Re3 Qe7 16. Rg3 h6 17. Nh3 Rfe8 18. f4 Qd7 19. a5 cxd4 20. cxd4 Qa4 21.
axb6 axb6 22. c3 Rc4 23. Qb1 Qc6 24. Bb4 Nh4 25. Rd3 h5 26. Ng5 Nf5 27. Qd1 g6
28. g4 hxg4 29. Qxg4 Kg7 30. Rh3 Nh6 31. Qh4 Rh8 32. Nxf7 Nxf7 33. Qf6+ Kg8 34.
Qxg6# 1-0

[Event "Benidorm - Aficionados sub-2300 2014"]
[Site "Benidorm ESP"]
[Date "2014.12.04"]
[Round "7.32"]
[White "Longa Yauca, Javier"]
[Black "Jove Grau, Lluis"]
[Result "1-0"]
[WhiteElo "2284"]
[BlackElo "2077"]
[PlyCount "67"]
[EventDate "2014.11.28"]
[EventType "swiss"]
[EventRounds "10"]
[EventCountry "ESP"]
[SourceTitle "Ajedrez en Madrid"]
[Source "lmi"]
[SourceDate "2014.11.28"]

1. d4 Nf6 2. c4 g6 3. Nc3 Bg7 4. e4 d6 5. Nf3 O-O 6. Be2 Nbd7 7. h3 e5 8. Be3
exd4 9. Bxd4 Re8 10. Qc2 Qe7 11. Nd2 Nc5 12. Bxc5 dxc5 13. O-O-O c6 14. f4 a6
15. e5 Nd7 16. Nde4 f6 17. Nd6 Rd8 18. Kb1 fxe5 19. Bg4 Nb6 20. Nxc8 Raxc8 21.
Bxc8 Rxc8 22. Qb3 Qc7 23. Ne4 Nd7 24. Qd3 Nf8 25. Nxc5 exf4 26. Rhe1 Qb6 27.
Nb3 c5 28. Qd5+ Kh8 29. Qf7 Bf6 30. Rd5 a5 31. Rxc5 Rd8 32. Rd5 Bg7 33. Re7
Qg1+ 34. Kc2 1-0

[Event "Benidorm - Aficionados sub-2300 2014"]
[Site "Benidorm ESP"]
[Date "2014.12.04"]
[Round "7.33"]
[White "Grundekjon, Christian"]
[Black "Cano Gimenez, Vicente"]
[Result "0-1"]
[WhiteElo "2075"]
[BlackElo "2265"]
[PlyCount "58"]
[EventDate "2014.11.28"]
[EventType "swiss"]
[EventRounds "10"]
[EventCountry "ESP"]
[SourceTitle "Ajedrez en Madrid"]
[Source "lmi"]
[SourceDate "2014.11.28"]

1. e4 c5 2. Nf3 Nc6 3. d4 cxd4 4. Nxd4 g6 5. c4 Nf6 6. Nc3 d6 7. Be2 Nxd4 8.
Qxd4 Bg7 9. O-O O-O 10. Bg5 Be6 11. Qd2 Qa5 12. Rac1 Rfc8 13. b3 a6 14. a4 b5
15. axb5 axb5 16. e5 dxe5 17. Bf3 e4 18. Nxe4 Nxe4 19. Qxa5 Rxa5 20. Bxe4 bxc4
21. Bxe7 cxb3 22. Rcd1 b2 23. f3 Bf5 24. Kf2 Bxe4 25. fxe4 Re5 26. Ba3 Rxe4 27.
Rb1 Ra4 28. Bd6 Ra1 29. Bf4 Rca8 0-1

[Event "Benidorm - Aficionados sub-2300 2014"]
[Site "Benidorm ESP"]
[Date "2014.12.04"]
[Round "7.34"]
[White "Lopez Del Alamo, Antonio"]
[Black "Grau Brumos, Isidre"]
[Result "1/2-1/2"]
[WhiteElo "2260"]
[BlackElo "2063"]
[PlyCount "48"]
[EventDate "2014.11.28"]
[EventType "swiss"]
[EventRounds "10"]
[EventCountry "ESP"]
[SourceTitle "Ajedrez en Madrid"]
[Source "lmi"]
[SourceDate "2014.11.28"]

1. e4 e5 2. Bc4 Nc6 3. Nc3 Nf6 4. d3 Na5 5. Bb3 Nxb3 6. axb3 d5 7. exd5 Bb4 8.
Nge2 Nxd5 9. O-O O-O 10. Nxd5 Qxd5 11. f4 Bg4 12. h3 Bd7 13. c4 Qc5+ 14. Kh1 f6
15. d4 exd4 16. Qxd4 Qc6 17. Rd1 Rfe8 18. Nc3 Be6 19. f5 Bf7 20. Bf4 Rad8 21.
Qf2 a6 22. Rxd8 Rxd8 23. Re1 b6 24. Qg3 Rd7 1/2-1/2

[Event "Benidorm - Aficionados sub-2300 2014"]
[Site "Benidorm ESP"]
[Date "2014.12.04"]
[Round "7.47"]
[White "Almonti, Alessandro"]
[Black "Sereinig, Eduard"]
[Result "1-0"]
[WhiteElo "2034"]
[BlackElo "2145"]
[PlyCount "51"]
[EventDate "2014.11.28"]
[EventType "swiss"]
[EventRounds "10"]
[EventCountry "ESP"]
[SourceTitle "Ajedrez en Madrid"]
[Source "lmi"]
[SourceDate "2014.11.28"]

1. d4 Nf6 2. Nc3 g6 3. e4 d6 4. Be3 c6 5. Qd2 b5 6. f3 a6 7. O-O-O Bb7 8. g4 h6
9. Nge2 Qc7 10. g5 hxg5 11. Bxg5 Nbd7 12. Ng3 O-O-O 13. h4 Bg7 14. Bh3 Kb8 15.
Qf4 e5 16. dxe5 dxe5 17. Qe3 Nb6 18. Rxd8+ Rxd8 19. Bf1 b4 20. Nb1 Rd4 21. Qf2
Na4 22. Be3 Qa5 23. h5 Nxh5 24. Nxh5 gxh5 25. Bxd4 exd4 26. Qg3+ 1-0

[Event "Benidorm - Aficionados sub-2300 2014"]
[Site "Benidorm ESP"]
[Date "2014.12.04"]
[Round "7.56"]
[White "Fernandez Seco, Julian"]
[Black "Edwards, Ray B"]
[Result "1-0"]
[WhiteElo "2036"]
[BlackElo "1932"]
[PlyCount "49"]
[EventDate "2014.11.28"]
[EventType "swiss"]
[EventRounds "10"]
[EventCountry "ESP"]
[SourceTitle "Ajedrez en Madrid"]
[Source "lmi"]
[SourceDate "2014.11.28"]

1. b4 e5 2. Bb2 d6 3. e3 Nf6 4. c4 g6 5. d4 Nbd7 6. Qa4 exd4 7. Bxd4 Bg7 8. Nd2
O-O 9. Bc3 Nb6 10. Qc2 Re8 11. Bd3 d5 12. Ngf3 dxc4 13. Bxc4 Nxc4 14. Nxc4 Be6
15. Ncd2 Nd5 16. Bxg7 Kxg7 17. O-O Qf6 18. a3 Bg4 19. Nd4 c6 20. h3 Bd7 21. Ne4
Qe5 22. Nc5 Rad8 23. Nxb7 Nxe3 24. fxe3 Qxe3+ 25. Qf2 1-0

[Event "Benidorm - Aficionados sub-2300 2014"]
[Site "Benidorm ESP"]
[Date "2014.12.04"]
[Round "7.63"]
[White "Lalau, Alexandre"]
[Black "Marzouk, Amira"]
[Result "1-0"]
[WhiteElo "2099"]
[BlackElo "1708"]
[PlyCount "53"]
[EventDate "2014.11.28"]
[EventType "swiss"]
[EventRounds "10"]
[EventCountry "ESP"]
[SourceTitle "Ajedrez en Madrid"]
[Source "lmi"]
[SourceDate "2014.11.28"]

1. e4 c5 2. Nc3 d6 3. g3 Nc6 4. Bg2 Nf6 5. d3 g6 6. f4 Bg7 7. Nf3 O-O 8. O-O h6
9. h3 b5 10. Be3 Bb7 11. Qd2 b4 12. Nd1 Nd7 13. c3 a5 14. Nf2 a4 15. a3 bxc3
16. bxc3 Na5 17. Rab1 Nb3 18. Qc2 Qa5 19. Nd2 Bc6 20. Nxb3 axb3 21. Qxb3 Ba4
22. Qa2 Bxc3 23. Rfc1 Bg7 24. e5 Rab8 25. e6 Nf6 26. exf7+ Rxf7 27. Rxb8+ 1-0